| 000 | 00631nam a22002057a 4500 | ||
|---|---|---|---|
| 003 | OSt | ||
| 005 | 20140310182350.0 | ||
| 008 | 130928t xxu||||| |||| 00| 0 eng d | ||
| 020 | _a074594003X | ||
| 020 | _a0732413419 | ||
| 050 |
_aBS 511.2 _b.Id19 1946 |
||
| 082 |
_aGS 220.61 _bId4 1995 |
||
| 100 |
_aIdle, Christopher _922131 |
||
| 245 |
_aA year with the bible : _cby Christopher Idle. _ban all-in-one reading guide / |
||
| 260 |
_aOxford, England : _bSandy Lane Books, _c1946. |
||
| 300 |
_a384 p. : _bcol. : ill. ; _c22 cm. |
||
| 650 |
_aBible _xStudy and teaching. _922132 |
||
| 942 |
_2lcc _cBK-GS |
||
| 999 |
_c12336 _d12336 |
||